[Event "Oceania zt"]
[Site "Nadi"]
[Date "2013.05.05"]
[Round "2"]
[White "Plew, Jeffrey"]
[Black "Feldman, Vladimir"]
[Result "0-1"]
[WhiteElo "2043"]
[BlackElo "2233"]
[PlyCount "54"]
[EventDate "2013.05.05"]
[EventType "swiss"]
[EventRounds "9"]
[EventCountry "FIJ"]
[SourceTitle "CBM 154 Extra"]
[Source "ChessBase"]
[SourceDate "2013.06.25"]
[SourceVersion "2"]
[SourceVersionDate "2013.06.25"]
[SourceQuality "1"]

1. e4 c5 2. Nf3 d6 3. d4 cxd4 4. Nxd4 Nf6 5. Nc3 a6 6. Be2 Nbd7 7. f4 g6 8. Be3 Bg7 9. Qd2 0-0 10. 0-0-0 Nc5 11. Bf3 Bd7 12. Nb3 Nxb3+ 13. axb3 Qc7 14. h3 Bc6 15. g4 b5 16. g5 Nd7 17. Nd5 Bxd5 18. exd5 a5 19. Bd4 Bxd4 20. Qxd4 Nc5 21. Kb1 b4 22. Be2 a4 23. bxa4 Nxa4 24. Qxb4 Rfc8 25. Rc1 Rcb8 26. Bb5 Nc3+ 27. bxc3 Qa7 0-1

[Event "Doeberl Cup 50th"]
[Site "Canberra"]
[Date "2012.04.05"]
[Round "2"]
[White "Illingworth, Max"]
[Black "Plew, Jeffrey"]
[Result "1-0"]
[WhiteElo "2352"]
[BlackElo "1956"]
[PlyCount "101"]
[EventDate "2012.04.05"]
[EventType "swiss"]
[EventRounds "9"]
[EventCountry "AUS"]
[SourceTitle "CBM 147 Extra"]
[Source "ChessBase"]
[SourceDate "2012.04.24"]
[SourceVersion "1"]
[SourceVersionDate "2012.04.24"]
[SourceQuality "1"]

1. d4 Nf6 2. c4 e6 3. Nc3 Bb4 4. Qc2 0-0 5. a3 Bxc3+ 6. Qxc3 Ne4 7. Qc2 f5 8. Nh3 Nc6 9. e3 b6 10. f3 Nf6 11. b4 Bb7 12. Bb2 a5 13. b5 Ne7 14. Bd3 d6 15. 0-0 Qe8 16. Rae1 Ng6 17. d5 Ne5 18. Bxe5 dxe5 19. dxe6 e4 20. fxe4 fxe4 21. Be2 Qxe6 22. c5 Bd5 23. Nf4 Qe5 24. Rc1 Kh8 25. cxb6 cxb6 26. Qc7 Qxc7 27. Rxc7 g5 28. Nh5 Nxh5 29. Bxh5 Rxf1+ 30. Kxf1 Rd8 31. Bg4 Kg8 32. Ke2 Rd6 33. Kf2 h6 34. Kg3 Kf8 35. Bf5 h5 36. Bc8 Ke8 37. Rg7 g4 38. Kf4 Bc4 39. Bb7 Bxb5 40. Bxe4 Bc6 41. Ke5 Rh6 42. Bd5 Bd7 43. e4 h4 44. Rf7 h3 45. g3 b5 46. Rf6 Rh7 47. Kd6 b4 48. axb4 axb4 49. e5 Ba4 50. e6 b3 51. Rf4 1-0

[Event "Doeberl Cup Major 48th"]
[Site "Canberra"]
[Date "2010.04.02"]
[Round "1"]
[White "Palma, Mario"]
[Black "Plew, Jeffrey"]
[Result "0-1"]
[WhiteElo "1575"]
[BlackElo "1838"]
[PlyCount "60"]
[EventDate "2010.04.02"]
[EventType "swiss"]
[EventRounds "7"]
[EventCountry "AUS"]
[SourceTitle "EXT 2012"]
[Source "ChessBase"]
[SourceDate "2011.11.24"]
[SourceVersion "1"]
[SourceVersionDate "2011.11.24"]
[SourceQuality "1"]

1. d4 Nf6 2. c4 e6 3. Nc3 Bb4 4. a3 Bxc3+ 5. bxc3 c5 6. f3 0-0 7. Nh3 d6 8. e4 Nc6 9. Bd3 cxd4 10. cxd4 Nxd4 11. f4 Qa5+ 12. Bd2 Qc5 13. Bb4 Qc6 14. Bxd6 Qxd6 15. e5 Qc5 16. exf6 g6 17. Ng5 e5 18. 0-0 exf4 19. Ne4 Qe5 20. Qe1 Bf5 21. Qh4 Bxe4 22. Bxe4 Qxe4 23. Rae1 Nf5 24. Qg4 Qd4+ 25. Kh1 Ne3 26. Rxe3 Qxe3 27. h4 Qg3 28. Qh3 Qxh3+ 29. gxh3 Rfe8 30. Rxf4 Rad8 0-1